<?xml version="1.0" encoding="UTF-8"?>
<record
    xmlns:xsi="http://www.w3.org/2001/XMLSchema-instance"
    xsi:schemaLocation="http://www.loc.gov/MARC21/slim http://www.loc.gov/standards/marcxml/schema/MARC21slim.xsd"
    xmlns="http://www.loc.gov/MARC21/slim">

  <leader>02733nam a2200301 i 4500</leader>
  <controlfield tag="001">000017772</controlfield>
  <controlfield tag="003">DO-SdBNP</controlfield>
  <controlfield tag="005">20241113084029.0</controlfield>
  <controlfield tag="007">ta</controlfield>
  <controlfield tag="008">100331s1994    dr            001 0 spa d</controlfield>
  <datafield tag="040" ind1=" " ind2=" ">
    <subfield code="a">DO-SdBNP</subfield>
    <subfield code="b">spa</subfield>
    <subfield code="c">BNPHU</subfield>
    <subfield code="e">rda</subfield>
  </datafield>
  <datafield tag="082" ind1=" " ind2="4">
    <subfield code="a">972.93</subfield>
    <subfield code="b">V422d</subfield>
    <subfield code="2">22</subfield>
  </datafield>
  <datafield tag="100" ind1="1" ind2=" ">
    <subfield code="a">Vega B., Wenceslao,</subfield>
    <subfield code="d">1932-</subfield>
    <subfield code="e">autor</subfield>
    <subfield code="4">aut.</subfield>
    <subfield code="9">38670</subfield>
  </datafield>
  <datafield tag="245" ind1="1" ind2="4">
    <subfield code="a">Los documentos b&#xE1;sicos de la historia dominicana /</subfield>
    <subfield code="c">Wenceslao Vega B.</subfield>
  </datafield>
  <datafield tag="264" ind1=" " ind2="1">
    <subfield code="a">Santo Domingo :</subfield>
    <subfield code="b">Editora Taller,</subfield>
    <subfield code="c">1994.</subfield>
  </datafield>
  <datafield tag="300" ind1=" " ind2=" ">
    <subfield code="a">391 p&#xE1;ginas ;</subfield>
    <subfield code="c">23 cm.</subfield>
  </datafield>
  <datafield tag="336" ind1=" " ind2=" ">
    <subfield code="a">texto</subfield>
    <subfield code="b">txt</subfield>
    <subfield code="2">rdacontent</subfield>
  </datafield>
  <datafield tag="337" ind1=" " ind2=" ">
    <subfield code="a">sin mediaci&#xF3;n</subfield>
    <subfield code="b">n</subfield>
    <subfield code="2">rdamedia</subfield>
  </datafield>
  <datafield tag="338" ind1=" " ind2=" ">
    <subfield code="a">volumen</subfield>
    <subfield code="b">nc</subfield>
    <subfield code="2">rdacarrier</subfield>
  </datafield>
  <datafield tag="505" ind1="2" ind2=" ">
    <subfield code="a">Preambulo--</subfield>
    <subfield code="t">Las capitulaciones de Santa Fe. (1942) --</subfield>
    <subfield code="t">La bula Inter Caetera (1943)--</subfield>
    <subfield code="t">Las instrucciones al gobernador Ovando. (1501 y 1503) --</subfield>
    <subfield code="t">Real c&#xE9;dula creando la real audiencia de Santo Domingo (1511) --</subfield>
    <subfield code="t">Bula in Apostolatus Culmine (1512) --</subfield>
    <subfield code="t">Las leyes de Burgos (1512) --</subfield>
    <subfield code="t">Bula in Apostolatus Culmine (1512) --</subfield>
    <subfield code="t">Leyes agrarias coloniales (1558; 1591 y 1631) --</subfield>
    <subfield code="t">Reales c&#xE9;dulas de 1603 ordenando las desvastaciones de la regi&#xF3;n norte (1603) --</subfield>
    <subfield code="t">Los tratados fronterizon de San Miguel y Aranjuez (1776 y 1777) --</subfield>
    <subfield code="t">Tratado de Basilea (1795) -- Proclama de Leclerc a los habitantes de Santo Domingo (1802) --</subfield>
    <subfield code="t">Los tratados fronterizon de San Miguel y Aranjuez (1776 y 1777) --</subfield>
    <subfield code="t">Tratado de Basilea (1795) -- Proclama de Leclerc a los habitantes de Santo Domingo (1802) --</subfield>
    <subfield code="t">El acuerdo de Bondillo (1808) --</subfield>
    <subfield code="t">La declaraci&#xF3;n de independencia (1821) --</subfield>
    <subfield code="t">La entrega de Santo Domingo a Boyer 1822) --</subfield>
    <subfield code="t">La ley de bienes nacionales de Hait&#xED; (1824) --</subfield>
    <subfield code="t">El acta de separaci&#xF3;n dominicana (1844) --</subfield>
    <subfield code="t">Capitulaciones de las autoridades haitianas en Santo Domingo (1844) --</subfield>
    <subfield code="t">El informe de la comisi&#xF3;n redactora de la constituci&#xF3;n de San Crist&#xF3;bal (1844) --</subfield>
    <subfield code="t">Proclama de la anexi&#xF3;n a Espa&#xF1;a (1861) --</subfield>
    <subfield code="t">Acta de proclamaci&#xF3;n de la restauraci&#xF3;n (1863) --</subfield>
    <subfield code="t">El emprestito Harmont (1869) --</subfield>
    <subfield code="t">El tratado de anexi&#xF3;n a Estados Unidos (1869) --</subfield>
    <subfield code="t">El tratado de paz con Hait&#xED; (1874) --</subfield>
    <subfield code="t">La convenci&#xF3;n dominico-americana (1907) --</subfield>
    <subfield code="t">Proclama de la intervenci&#xF3;n norteamericana (1916) --</subfield>
    <subfield code="t">El convenio de evacuaci&#xF3;n Plan Hughes-Peynado (1922) --</subfield>
    <subfield code="t">Tratado fronterizo dominico-haitiano (1929) --</subfield>
    <subfield code="t">Tratado Trujillo-Hull (1940) --</subfield>
    <subfield code="t">Acta de reconciliaci&#xF3;n dominicana y el acto institucional (1965).</subfield>
  </datafield>
  <datafield tag="590" ind1=" " ind2=" ">
    <subfield code="a">Inventariado, 2024/BT</subfield>
  </datafield>
  <datafield tag="651" ind1=" " ind2="4">
    <subfield code="a">Rep&#xFA;blica Dominicana</subfield>
    <subfield code="x">Historia</subfield>
    <subfield code="9">170</subfield>
  </datafield>
  <datafield tag="651" ind1=" " ind2="4">
    <subfield code="a">Rep&#xFA;blica Dominicana</subfield>
    <subfield code="x">Relaciones exteriores</subfield>
    <subfield code="x">Tratados</subfield>
    <subfield code="9">11787</subfield>
  </datafield>
  <datafield tag="651" ind1=" " ind2="4">
    <subfield code="a">Rep&#xFA;blica Dominicana</subfield>
    <subfield code="x">L&#xED;mites</subfield>
    <subfield code="z">Hait&#xED;</subfield>
    <subfield code="x">Historia</subfield>
    <subfield code="9">38647</subfield>
  </datafield>
  <datafield tag="651" ind1=" " ind2="4">
    <subfield code="a">Hait&#xED;</subfield>
    <subfield code="x">L&#xED;mites</subfield>
    <subfield code="z">Rep&#xFA;blica Dominicana</subfield>
    <subfield code="x">Historia</subfield>
    <subfield code="9">38648</subfield>
  </datafield>
  <datafield tag="910" ind1=" " ind2=" ">
    <subfield code="a">Validado. Control de calidad MMOLINA</subfield>
  </datafield>
  <datafield tag="942" ind1=" " ind2=" ">
    <subfield code="2">ddc</subfield>
    <subfield code="c">LBS1</subfield>
  </datafield>
  <datafield tag="952" ind1=" " ind2=" ">
    <subfield code="0">0</subfield>
    <subfield code="1">0</subfield>
    <subfield code="2">ddc</subfield>
    <subfield code="5">1</subfield>
    <subfield code="7">0</subfield>
    <subfield code="8">PD</subfield>
    <subfield code="a">BNPHU</subfield>
    <subfield code="b">BNPHU</subfield>
    <subfield code="c">HD</subfield>
    <subfield code="d">2010-03-31</subfield>
    <subfield code="o">BNPHU PD 972.93 V422d</subfield>
    <subfield code="p">17772-10</subfield>
    <subfield code="r">2020-06-25</subfield>
    <subfield code="w">2020-06-25</subfield>
    <subfield code="y">LBS1</subfield>
  </datafield>
  <datafield tag="952" ind1=" " ind2=" ">
    <subfield code="0">0</subfield>
    <subfield code="1">0</subfield>
    <subfield code="2">ddc</subfield>
    <subfield code="5">1</subfield>
    <subfield code="7">0</subfield>
    <subfield code="8">PD-RV</subfield>
    <subfield code="a">BNPHU</subfield>
    <subfield code="b">BNPHU</subfield>
    <subfield code="c">HD</subfield>
    <subfield code="d">2011-02-14</subfield>
    <subfield code="o">BNPHU PD 972.93 V422d</subfield>
    <subfield code="p">17772-20</subfield>
    <subfield code="r">2020-06-25</subfield>
    <subfield code="t">e.2</subfield>
    <subfield code="w">2020-06-25</subfield>
    <subfield code="y">LBS1</subfield>
  </datafield>
  <datafield tag="952" ind1=" " ind2=" ">
    <subfield code="0">0</subfield>
    <subfield code="1">0</subfield>
    <subfield code="2">ddc</subfield>
    <subfield code="5">6</subfield>
    <subfield code="7">0</subfield>
    <subfield code="8">DS</subfield>
    <subfield code="a">BNPHU</subfield>
    <subfield code="b">BNPHU</subfield>
    <subfield code="c">HD</subfield>
    <subfield code="d">2024-11-13</subfield>
    <subfield code="e">Donado por la Presidencia de la Rep&#xFA;blica Dominicana 2023.</subfield>
    <subfield code="l">0</subfield>
    <subfield code="o">BNPHU DS 972.93 V422d</subfield>
    <subfield code="p">2024-6390</subfield>
    <subfield code="r">2024-11-13</subfield>
    <subfield code="t">e.3</subfield>
    <subfield code="w">2024-11-13</subfield>
    <subfield code="y">LBS1</subfield>
    <subfield code="z">Perteneci&#xF3; a la biblioteca personal de Emilio Cordero Michel.</subfield>
  </datafield>
  <datafield tag="999" ind1=" " ind2=" ">
    <subfield code="c">17297</subfield>
    <subfield code="d">17297</subfield>
  </datafield>
</record>
